000
00218 a2200097 4500
001
2728
100
_a
Clark, J.B.
245
_a
Physical and mathematical tables
260
_a
_b
Oliver and Boyd
_c
090
_c
2024
_d
2024
942
_a
NUST-CAE
_c
M
_c
11381
999
_c
237801
_d
237801